Minecraft Mobs: Frog - Statistics

General Stats
  • This quiz has been taken 13 times
  • The average score is 7 of 10
Answer Stats
Question Answer % Correct
What is a frog's height in blocks? 0.5
100%
What is a frog's width in blocks? 0.5
100%
What is one biome a frog can spawn in? Mangrove Swamp | Swamp
100%
How many health points does a frog have? 10
91%
Other than magma cube, what other mob do frogs eat? Slime
91%
What item can be used to breed frogs? Slimeball
64%
Which frog variant can't spawn naturally? Cold
55%
What is one of the items that can drop when a frog eats a magma cube? Ochre Froglight | Pearlescent Froglight | Verdant Froglight
45%
What advancement do you get for holding all three of those items in your inventory? With Our Powers Combined!
27%
What advancement do you get for putting each frog variant on a lead? When the Squad Hops into Town
18%
No matching quizzes found
Score Distribution
Percent of People with Each Score
Percentile by Number Answered
Your Score History
You have not taken this quiz